00875cam a22002291 45000010005000000030008000050050017000130080039000300350018000690350018000870400033001050410011001380820020001491000047001692450118002162600086003343000026004205000079004466500026005256500036005517000058005876298BD-RjUL20211208234224.0140109s1964 ne 000 0 eng a(BD-RjUL)6338 a(OCoLC)376528 aDLCcOUdOCoLCdBD-RjULbeng1 aengrus a517.6bGOT 19641 aGodunov, S. K.q(Sergeĭ Konstantinovich)10aTheory of difference schemes :ban introduction /cS. K. Godunov and V. S. Ryabenki. Translated by E. Godfredsen. aAmsterdam :bNorth-Holland Pub. Co.,aNew York :bInterscience Publishers,c1964. axii, 289 p. ;c23 cm. aTranslation of Vvedenie v teorii︠u︡ raznostnykh skhem (romanized form) 0aDifference equations. 0aDifferential equations, Linear.1 aRyabenki, V. S.q(Viktor Solomonovich)ejoint author.